| 000 | 01577cam a22002897i 4500 | ||
|---|---|---|---|
| 001 | 18717966 | ||
| 003 | NUST - PNEC | ||
| 005 | 20170116181201.0 | ||
| 008 | 150727s2015 flua b 001 0 eng d | ||
| 010 | _a 2015431135 | ||
| 020 | _a9781482254792 | ||
| 040 | _cLIBRARY | ||
| 082 | 0 | 4 | _2794.81536 RAB |
| 100 |
_916415 _aRabin, Steve |
||
| 245 | 0 | 0 |
_aGame AI pro 2 : collected wisdom of game AI professionals / _cedited by Steve Rabin. |
| 260 |
_aBoca Raton; _bCRC Press; _cc2015. |
||
| 300 | _a549 p . : | ||
| 520 | _aGame AI Pro 2: Collected Wisdom of Game AI Professionals presents cutting-edge game artificial intelligence (AI) techniques primarily from game developers of shipped commercial games and, to a minor extent, from academia. Topics covered include AI architectures, steering and path finding, tactics/strategy, genre-specific techniques, gesture recognition, and learning techniques. The book acts as a toolbox of techniques that can be applied to many common and not-so-common situations-techniques have largely been proven in shipped commercial games.-- | ||
| 650 | 0 |
_aComputer games _xDesign. |
|
| 650 | 7 |
_aArtificial intelligence. _2fast _xMIS |
|
| 700 | 1 |
_aRabin, Steve, _eeditor. |
|
| 856 | _uhttp://www.amazon.com/Game-AI-Pro-Collected-Professionals/dp/1482254794/ref=sr_1_1?s=books&ie=UTF8&qid=1455522992&sr=1-1&keywords=9781482254792 | ||
| 906 |
_a7 _bcbc _ccopycat _d2 _encip _f20 _gy-gencatlg |
||
| 942 |
_2ddc _cBK |
||
| 999 |
_c71463 _d71463 |
||